Nommez ce personnage historique n°2 - Statistiques

Statistiques générales
  • Ce quiz a été pris 63 953 fois
    63 951 depuis la dernière actualisation
  • Le résultat moyen est 11 sur 20
Statistiques - réponses
Par images Réponse % Correct
Charlie Chaplin
95%
Elvis Presley
94%
Napoléon
93%
Mohandas Gandhi
92%
Joseph Staline
91%
Charles de Gaulle
90%
Martin Luther King
87%
Marie Curie
85%
Jeanne d'Arc
81%
Winston Churchill
77%
Ludwig van Beethoven
67%
Maximilien de Robespierre
50%
Benjamin Franklin
26%
Hô Chi Minh
22%
Kaiser Guillaume II
16%
Rembrandt
16%
Douglas MacArthur
11%
Woodrow Wilson
11%
Léon Tolstoï
9%
Mark Twain
7%
Aucun quiz correspondant
Distribution des résultats
% des personnes avec chaque résultat
Percentile par nombre de réponses
Votre historique - résultats
Vous n’avez pas pris ce quiz depuis la dernière actualisation